Evaluation of ambient air quality by personnel monitoring /

Bibliographic Details
Main Author: Linch, A. L.
Format: Book
Language:English
Published: Boca Raton, Fla. : CRC Press, [1981]
Edition:2nd ed.
Subjects:

MARC

Tag First Indicator Second Indicator Subfields
LEADER 00000pam a2200000 a 4500
001 in00000091904
005 20151008064048.0
008 790323s1981 flua b 00110 engm
010 |a  79012153  
019 |a 7544985 
020 |a 0849352932 (v. 1). 
020 |a 0849352940 (v. 2) 
035 |a (OCoLC)04857479 
035 |9 AAK3453AM 
040 |a DLC  |c DLC  |d m.c.  |d TXA  |d UtOrBLW 
049 |a TXAM  |v 1 [1672837]  |v 2 [1672838] 
050 0 0 |a TD890  |b .L56 1981 
082 0 |a 628.5/3/028 
100 1 |a Linch, A. L. 
245 1 0 |a Evaluation of ambient air quality by personnel monitoring /  |c author, A. L. Linch. 
250 |a 2nd ed. 
264 1 |a Boca Raton, Fla. :  |b CRC Press,  |c [1981] 
264 4 |c ©1981 
300 |a 2 volumes :  |b illustrations ;  |c 26 cm. 
336 |a text  |b txt  |2 rdacontent 
337 |a unmediated  |b n  |2 rdamedia 
338 |a volume  |b nc  |2 rdacarrier 
504 |a Includes bibliographical references and index. 
505 0 |a v. 1. Gases and vapors -- v. 2. Aerosols, monitor pumps, calibration, and quality control. 
650 0 |a Air sampling apparatus. 
999 |a MARS 
999 f f |s 6669cc88-fdf4-3bad-a457-6024dfef2872  |i f7cace83-9e9b-3faa-ace5-7baa6a5fa2ae  |t 0 
952 f f |p ric  |a Texas A&M University  |b Rellis Campus  |c Joint Library Facility  |d Remote Storage  |t 0  |e TD890 .L56 1981  |h Library of Congress classification  |i unmediated -- volume  |k v.2  |m A14806245817 
952 f f |p ric  |a Texas A&M University  |b Rellis Campus  |c Joint Library Facility  |d Remote Storage  |t 0  |e TD890 .L56 1981  |h Library of Congress classification  |i unmediated -- volume  |k v.1  |m A14806245809 
998 f f |a TD890 .L56 1981  |s v.1-v.2  |t 0  |l Remote Storage